| 000 | 00502nam a2200181Ia 4500 | ||
|---|---|---|---|
| 999 |
_c36759 _d36759 |
||
| 003 | OSt | ||
| 005 | 20210127091841.0 | ||
| 008 | 190216s9999||||xx |||||||||||||| ||und|| | ||
| 020 | _a9788174821461 | ||
| 040 | _coclc | ||
| 082 |
_a530 _bSIN/C |
||
| 100 |
_aSinha, M P _98424 |
||
| 245 | 0 |
_aCSIR- UGC NET / JRF / SET Physical Sciences / _cM P Sinha |
|
| 260 |
_bUpkar Prakashan, _aAgra: |
||
| 300 | _a478p | ||
| 650 | _aReferences | ||
| 942 |
_cREF _2ddc _h530 _iSIN/C _k530 _mSIN/C |
||